<?xml version="1.0" encoding="UTF-8"?>
<record
    xmlns:xsi="http://www.w3.org/2001/XMLSchema-instance"
    xsi:schemaLocation="http://www.loc.gov/MARC21/slim http://www.loc.gov/standards/marcxml/schema/MARC21slim.xsd"
    xmlns="http://www.loc.gov/MARC21/slim">

  <leader>02054nam0a2200361   4500</leader>
  <controlfield tag="001">RU\NLR\bibl\1747346</controlfield>
  <controlfield tag="005">20260406224459.0</controlfield>
  <datafield tag="010" ind1=" " ind2=" ">
    <subfield code="a">978-5-91746-020-8</subfield>
    <subfield code="9">3000</subfield>
  </datafield>
  <datafield tag="035" ind1=" " ind2=" ">
    <subfield code="a">(NLR Aleph) 001738234</subfield>
  </datafield>
  <datafield tag="090" ind1=" " ind2=" ">
    <subfield code="a">1442768</subfield>
    <subfield code="c">1442768</subfield>
  </datafield>
  <datafield tag="100" ind1=" " ind2=" ">
    <subfield code="a">20101005d2010    |||y0rusy50      ca</subfield>
  </datafield>
  <datafield tag="101" ind1="0" ind2=" ">
    <subfield code="a">rus</subfield>
  </datafield>
  <datafield tag="102" ind1=" " ind2=" ">
    <subfield code="a">RU</subfield>
  </datafield>
  <datafield tag="105" ind1=" " ind2=" ">
    <subfield code="a">y   |||||||||</subfield>
  </datafield>
  <datafield tag="200" ind1="1" ind2=" ">
    <subfield code="a">&#x422;&#x440;&#x43E;&#x43C;&#x431;&#x43E;&#x44D;&#x43C;&#x431;&#x43E;&#x43B;&#x438;&#x44F; &#x43B;&#x435;&#x433;&#x43E;&#x447;&#x43D;&#x43E;&#x439; &#x430;&#x440;&#x442;&#x435;&#x440;&#x438;&#x438; &#x438; &#x442;&#x440;&#x43E;&#x43C;&#x431;&#x43E;&#x444;&#x438;&#x43B;&#x438;&#x447;&#x435;&#x441;&#x43A;&#x438;&#x435; &#x441;&#x43E;&#x441;&#x442;&#x43E;&#x44F;&#x43D;&#x438;&#x44F;: &#x441;&#x43E;&#x432;&#x440;&#x435;&#x43C;&#x435;&#x43D;&#x43D;&#x44B;&#x435; &#x43F;&#x440;&#x438;&#x43D;&#x446;&#x438;&#x43F;&#x44B; &#x434;&#x438;&#x430;&#x433;&#x43D;&#x43E;&#x441;&#x442;&#x438;&#x43A;&#x438; &#x438; &#x43B;&#x435;&#x447;&#x435;&#x43D;&#x438;&#x44F;</subfield>
    <subfield code="f">[&#x43A;.&#x43C;.&#x43D;. &#x410;.&#x412;. &#x41D;&#x438;&#x43A;&#x438;&#x442;&#x438;&#x43D;, &#x434;-&#x440;&#x430; &#x43C;&#x435;&#x434;. &#x43D;&#x430;&#x443;&#x43A;, &#x43F;&#x440;&#x43E;&#x444;&#x435;&#x441;&#x441;&#x43E;&#x440;&#x430; &#x41D;.&#x41F;. &#x41F;&#x43E;&#x442;&#x435;&#x445;&#x438;&#x43D;, &#x410;.&#x41D;. &#x424;&#x443;&#x440;&#x441;&#x43E;&#x432;, &#x434;.&#x43C;.&#x43D;. &#x421;.&#x410;. &#x427;&#x435;&#x440;&#x43D;&#x43E;&#x432;</subfield>
    <subfield code="g">&#x43F;&#x43E;&#x434; &#x440;&#x435;&#x434;. &#x434;.&#x43C;.&#x43D;., &#x43F;&#x440;&#x43E;&#x444;. &#x41F;.&#x412;. &#x418;&#x43F;&#x430;&#x442;&#x43E;&#x432;&#x430;]</subfield>
    <subfield code="g">&#x41C;-&#x432;&#x43E; &#x43E;&#x431;&#x43E;&#x440;&#x43E;&#x43D;&#x44B; &#x420;&#x43E;&#x441;. &#x424;&#x435;&#x434;&#x435;&#x440;&#x430;&#x446;&#x438;&#x438;, &#x413;&#x43B;. &#x432;&#x43E;&#x435;&#x43D;. &#x43A;&#x43B;&#x438;&#x43D;. &#x433;&#x43E;&#x441;&#x43F;&#x438;&#x442;&#x430;&#x43B;&#x44C; &#x438;&#x43C;. &#x418;.&#x41D;. &#x411;&#x443;&#x440;&#x434;&#x435;&#x43D;&#x43A;&#x43E;</subfield>
  </datafield>
  <datafield tag="210" ind1=" " ind2=" ">
    <subfield code="a">&#x41C;&#x43E;&#x441;&#x43A;&#x432;&#x430;</subfield>
    <subfield code="c">&#x41C;&#x438;&#x43A;&#x43B;&#x43E;&#x448;</subfield>
    <subfield code="d">2010</subfield>
  </datafield>
  <datafield tag="215" ind1=" " ind2=" ">
    <subfield code="a">119 &#x441;.</subfield>
    <subfield code="d">20</subfield>
  </datafield>
  <datafield tag="320" ind1=" " ind2=" ">
    <subfield code="a">&#x411;&#x438;&#x431;&#x43B;&#x438;&#x43E;&#x433;&#x440;.: &#x441;. 114-119 (127 &#x43D;&#x430;&#x437;&#x432;.)</subfield>
  </datafield>
  <datafield tag="606" ind1="1" ind2=" ">
    <subfield code="a">&#x41B;&#x435;&#x433;&#x43E;&#x447;&#x43D;&#x430;&#x44F; &#x430;&#x440;&#x442;&#x435;&#x440;&#x438;&#x44F;</subfield>
    <subfield code="x">&#x422;&#x440;&#x43E;&#x43C;&#x431;&#x43E;&#x44D;&#x43C;&#x431;&#x43E;&#x43B;&#x438;&#x44F; &#x43F;&#x440;&#x438; &#x442;&#x440;&#x43E;&#x43C;&#x431;&#x43E;&#x444;&#x438;&#x43B;&#x438;&#x438;</subfield>
    <subfield code="9">2618234</subfield>
    <subfield code="3">RU\NLR\auth\661554794</subfield>
  </datafield>
  <datafield tag="686" ind1=" " ind2=" ">
    <subfield code="a">&#x420;412.303.5-5</subfield>
  </datafield>
  <datafield tag="686" ind1=" " ind2=" ">
    <subfield code="a">&#x420;411.023-7</subfield>
  </datafield>
  <datafield tag="686" ind1=" " ind2=" ">
    <subfield code="a">&#x420;457.365.230.35-59</subfield>
  </datafield>
  <datafield tag="701" ind1=" " ind2="1">
    <subfield code="4">070</subfield>
    <subfield code="8">rus</subfield>
    <subfield code="7">ca</subfield>
    <subfield code="a">&#x41D;&#x438;&#x43A;&#x438;&#x442;&#x438;&#x43D;</subfield>
    <subfield code="b">&#x410;. &#x412;.</subfield>
    <subfield code="c">&#x43A;&#x430;&#x43D;&#x434;. &#x43C;&#x435;&#x434;. &#x43D;&#x430;&#x443;&#x43A;</subfield>
    <subfield code="g">&#x410;&#x43B;&#x435;&#x43A;&#x441;&#x430;&#x43D;&#x434;&#x440; &#x412;&#x430;&#x441;&#x438;&#x43B;&#x44C;&#x435;&#x432;&#x438;&#x447;</subfield>
    <subfield code="3">RU\NLR\auth\7761543</subfield>
    <subfield code="9">44473</subfield>
  </datafield>
  <datafield tag="701" ind1=" " ind2="1">
    <subfield code="a">&#x41F;&#x43E;&#x442;&#x435;&#x445;&#x438;&#x43D;</subfield>
    <subfield code="b">&#x41D;. &#x41F;.</subfield>
    <subfield code="g">&#x41D;&#x438;&#x43A;&#x43E;&#x43B;&#x430;&#x439; &#x41F;&#x430;&#x432;&#x43B;&#x43E;&#x432;&#x438;&#x447;</subfield>
    <subfield code="4">070</subfield>
  </datafield>
  <datafield tag="701" ind1=" " ind2="1">
    <subfield code="a">&#x424;&#x443;&#x440;&#x441;&#x43E;&#x432;</subfield>
    <subfield code="b">&#x410;. &#x41D;.</subfield>
    <subfield code="g">&#x410;&#x43D;&#x434;&#x440;&#x435;&#x439; &#x41D;&#x438;&#x43A;&#x43E;&#x43B;&#x430;&#x435;&#x432;&#x438;&#x447;</subfield>
    <subfield code="4">070</subfield>
  </datafield>
  <datafield tag="701" ind1=" " ind2="1">
    <subfield code="4">070</subfield>
    <subfield code="8">rus</subfield>
    <subfield code="7">ca</subfield>
    <subfield code="a">&#x427;&#x435;&#x440;&#x43D;&#x43E;&#x432;</subfield>
    <subfield code="b">&#x421;.&#x410;.</subfield>
    <subfield code="c">&#x434;-&#x440; &#x43C;&#x435;&#x434;. &#x43D;&#x430;&#x443;&#x43A;</subfield>
    <subfield code="g">&#x421;&#x435;&#x440;&#x433;&#x435;&#x439; &#x410;&#x43B;&#x435;&#x43A;&#x441;&#x430;&#x43D;&#x434;&#x440;&#x43E;&#x432;&#x438;&#x447;</subfield>
    <subfield code="3">RU\NLR\auth\7734780</subfield>
    <subfield code="9">17782</subfield>
  </datafield>
  <datafield tag="702" ind1=" " ind2="1">
    <subfield code="a">&#x418;&#x43F;&#x430;&#x442;&#x43E;&#x432;</subfield>
    <subfield code="b">&#x41F;. &#x412;.</subfield>
    <subfield code="4">340</subfield>
  </datafield>
  <datafield tag="712" ind1="0" ind2="2">
    <subfield code="4">570</subfield>
    <subfield code="a">&#x413;&#x43B;&#x430;&#x432;&#x43D;&#x44B;&#x439; &#x43A;&#x43B;&#x438;&#x43D;&#x438;&#x447;&#x435;&#x441;&#x43A;&#x438;&#x439; &#x432;&#x43E;&#x435;&#x43D;&#x43D;&#x44B;&#x439; &#x433;&#x43E;&#x441;&#x43F;&#x438;&#x442;&#x430;&#x43B;&#x44C; &#x438;&#x43C;. &#x41D;. &#x41D;. &#x411;&#x443;&#x440;&#x434;&#x435;&#x43D;&#x43A;&#x43E;</subfield>
    <subfield code="c">&#x41C;&#x43E;&#x441;&#x43A;&#x432;&#x430;</subfield>
    <subfield code="3">RU\NLR\AUTH\889980151</subfield>
    <subfield code="9">456592</subfield>
  </datafield>
  <datafield tag="801" ind1=" " ind2="0">
    <subfield code="a">RU</subfield>
    <subfield code="b">NLR</subfield>
    <subfield code="c">20101005</subfield>
    <subfield code="g">RCR</subfield>
  </datafield>
  <datafield tag="801" ind1=" " ind2="1">
    <subfield code="a">RU</subfield>
    <subfield code="b">NLR</subfield>
    <subfield code="c">20101005</subfield>
  </datafield>
  <datafield tag="942" ind1=" " ind2=" ">
    <subfield code="c">BOOK</subfield>
  </datafield>
  <datafield tag="980" ind1=" " ind2=" ">
    <subfield code="a">NB</subfield>
  </datafield>
  <datafield tag="995" ind1=" " ind2=" ">
    <subfield code="5">2011-03-16</subfield>
    <subfield code="a">aa</subfield>
    <subfield code="b">NLR01</subfield>
    <subfield code="c">NLR01</subfield>
    <subfield code="e">RF8</subfield>
    <subfield code="f">3377262</subfield>
    <subfield code="k">2011-3/8545</subfield>
    <subfield code="o">0</subfield>
    <subfield code="p">180.00</subfield>
    <subfield code="r">BOOK</subfield>
    <subfield code="s">201138545_</subfield>
  </datafield>
  <datafield tag="995" ind1=" " ind2=" ">
    <subfield code="5">2012-09-28</subfield>
    <subfield code="a">aa</subfield>
    <subfield code="b">NLR01</subfield>
    <subfield code="c">NLR01</subfield>
    <subfield code="e">OZ3</subfield>
    <subfield code="f">1-323979</subfield>
    <subfield code="k">&#x41C;1 &#x420;412/&#x422;-721</subfield>
    <subfield code="o">0</subfield>
    <subfield code="p">362.00</subfield>
    <subfield code="r">BOOK</subfield>
    <subfield code="s">1_412721</subfield>
  </datafield>
</record>
